000 00996nam a22003017a 4500
001 BR9606331
003 BR-BrBNA
005 20230928095258.0
007 ta
008 230509b bl.||||| |||| 00| 0 por d
040 _aBR-BrBNA
_bpor
_cBiblioteca Nacional de Agricultura
041 _a(Por)
072 _aP35
_b0120
_b3830
090 _ 0120 BR9606331
100 1 _aProchnow, L.I.
110 1 _aEscola Superior de Agricultura Luiz de Queiroz, Piracicaba, SP (Brasil)
_0Tese (Doutor em Agronomia)
245 1 _aDisponibilidade do fosforo da fracao soluvel em citrato neutro de amonio e insoluvel em agua de fosfatos acidulados
260 3 _aPiracicaba, SP (Brasil):
_c1996.
300 _a181 p.
500 _a53 tables; 8 illus.; Summaries (Eng, Por); Bibliography p. 132-141
650 _aMilho
650 _aFertilizante Fosfatado
650 _aDisponibilidade de Nutriente
650 _aFosforo
650 _aAdubacao
909 _a202309
_bLucia
_c55
_dLucia Elande
942 _cBK
999 _c55606
_d55606